[Event "13. Festival Ciudad de Lorca 2024 - A"]
[White "Bercaru, Vlad Ionut"]
[Black "Xu, Minghui"]
[Site "Lorca ESP"]
[Round "3.8"]
[Result "0-1"]
[Date "2024.12.27"]
[WhiteElo "2065"]
[BlackElo "2405"]
[PlyCount "108"]
[GameId "2129334780821682"]
[EventDate "2024.12.26"]
[EventCountry "ESP"]
[SourceTitle "Ajedrez en Madrid"]
[Source "lmi"]
[SourceDate "2024.12.26"]
[SourceVersion "1"]
[SourceVersionDate "2025.01.11"]
[SourceQuality "1"]

1. d4 e6 2. c4 d5 3. Nc3 Nf6 4. cxd5 exd5 5. Bg5 c6 6. e3 h6 7. Bh4 Be7 8. Bd3 O-O 9. Nge2 Ne8 10. Bg3 Nd6 11. Qc2 Re8 12. O-O Bf8 13. b4 Na6 14. a3 Nc7 15. Rfb1 Bd7 16. a4 a6 17. Nc1 b5 18. Nb3 Nc4 19. Nc5 Bxc5 20. dxc5 Ne6 21. Ne2 Qf6 22. Ra2 h5 23. h4 Rad8 24. Rd1 g6 25. axb5 axb5 26. Ra7 Ng7 27. Nd4 Bg4 28. Re1 Bf5 29. Ra6 Ra8 30. Rea1 Rxa6 31. Rxa6 Bd7 32. Nxb5 Bc8 33. Nc7 Bxa6 34. Nxe8 Nxe8 35. e4 Bb5 36. Bf1 Qa1 37. exd5 Na3 38. Qb3 Qxf1+ 39. Kh2 Nf6 40. f3 Nxd5 41. Qxa3 Qe2 42. Qa8+ Kg7 43. Qb8 Qe7 44. Bd6 Qxh4+ 45. Kg1 Qe1+ 46. Kh2 Qh4+ 47. Kg1 Qe1+ 48. Kh2 Qe6 49. Qd8 Kh7 50. Qg5 Qf6 51. Qc1 Nc3 52. Qe1 Ne2 53. f4 Nxf4 54. Be5 Qe7 0-1

[Event "13. Festival Ciudad de Lorca 2024 - A"]
[White "Khamrakulov, Ibragim S."]
[Black "Vehi Bach, Victor Manuel"]
[Site "Lorca ESP"]
[Round "3.9"]
[Result "1/2-1/2"]
[Date "2024.12.27"]
[WhiteElo "2388"]
[BlackElo "2184"]
[PlyCount "185"]
[GameId "2129334921220292"]
[EventDate "2024.12.26"]
[EventCountry "ESP"]
[SourceTitle "Ajedrez en Madrid"]
[Source "lmi"]
[SourceDate "2024.12.26"]
[SourceVersion "1"]
[SourceVersionDate "2025.01.11"]
[SourceQuality "1"]

{[%evp 0,180,21,21,26,69,26,24,28,0,13,16,18,5,5,11,21,9,15,4,18,27,14,-3,10,2,-5,4,6,-4,-27,-20,21,-65,-60,-129,-57,-111,-108,-101,-96,4,-103,-91,-82,-88,39,-101,-79,-114,-61,-141,-122,-122,-92,-88,-95,-94,-46,-91,-110,-77,-63,-62,-179,-69,-60,-81,-60,-23,-47,-52,-40,-9,-35,-9,-5,-8,-7,1,-1,1,111,-4,-8,1,8,120,1,-6,5,1,23,-1,1,-1,-1,1,-1,-1,-6,-59,2,1,1,1,1,1,112,1,1,1,1,1,1,1,-1,1,1,1,1,-71,-1,-52,257,20,62,73,62,45,46,154,113,101,53,80,62,21,63,27,116,40,172,43,202,83,121,86,92,183,118,118,143,148,189,67,150,43,58,26,33,1,1,1,1,-1,1,1,383,213,211,66,22,113,193,0,378,132,102,144,68,65,80]} 1. e4 c5 2. Nf3 e6 3. c3 Nf6 4. e5 Nd5 5. Bc4 d6 6. d4 cxd4 7. cxd4 Be7 8. O-O O-O 9. Qe2 b6 10. Qe4 Ba6 11. b3 dxe5 12. Nxe5 b5 13. Bd3 f5 14. Qf3 Qb6 15. Be3 Bb7 16. Qh3 Bf6 17. Nf3 Nc6 18. Na3 a6 19. Nc2 Ncb4 20. Nxb4 Nxb4 21. Rad1 Qd6 22. Bb1 Rac8 23. Ne5 Nd5 24. Qg3 Nc3 25. Rd2 Be4 26. Bd3 Bxe5 27. Qxe5 Rfd8 28. Bxe4 Nxe4 29. Rb2 Kf7 30. f3 Nc3 31. Qxd6 Rxd6 32. Rc1 Rdc6 33. Kf2 Nd5 34. Rxc6 Rxc6 35. Bd2 Ke7 36. Ke2 Kd6 37. Kd3 Rc8 38. Rb1 h6 39. h4 h5 40. Rg1 g6 41. a3 Rc7 42. Ra1 Rc8 43. g3 Rc7 44. a4 b4 45. Rg1 a5 46. g4 fxg4 47. fxg4 Rf7 48. gxh5 gxh5 49. Rg5 Rf3+ 50. Kc2 Rf5 51. Rxf5 exf5 52. Kd3 Ke6 53. Bg5 Nf6 54. Ke3 Nd5+ 55. Kf3 Kd7 56. Kg3 Kc7 57. Kf3 Kd7 58. Ke2 Kc7 59. Kd3 Nb6 60. d5 Nxd5 61. Kd4 Kc6 62. Bd8 Nb6 63. Ke3 Nd5+ 64. Kf3 Kc5 65. Bxa5 Ne7 66. Bd8 Nc6 67. Bf6 Kd6 68. Kf4 Na5 69. Kg5 Nxb3 70. Kxh5 Kd5 71. Kg5 Nd4 72. a5 Ke4 73. Bxd4 Kxd4 74. a6 b3 75. a7 b2 76. a8=Q b1=Q 77. Qd8+ Ke4 78. Qe8+ Kf3 79. h5 Qe4 80. Qf7 Qg4+ 81. Kf6 f4 82. h6 Qh4+ 83. Kg7 Kg2 84. Qg6+ Kh2 85. Qc2+ Kg3 86. Qg6+ Kh2 87. Qd6 Kg2 88. Qd2+ Kh3 89. Qd3+ Kg2 90. Qe2+ Kg1 91. Qd1+ Kg2 92. Qd5+ Kf1 93. h7 1/2-1/2

[Event "13. Festival Ciudad de Lorca 2024 - A"]
[White "Narciso Dublan, Marc"]
[Black "Asensio Linan, Teodoro"]
[Site "Lorca ESP"]
[Round "3.10"]
[Result "1-0"]
[Date "2024.12.27"]
[WhiteElo "2373"]
[BlackElo "2052"]
[PlyCount "33"]
[GameId "2129203604103860"]
[EventDate "2024.12.26"]
[EventCountry "ESP"]
[SourceTitle "Ajedrez en Madrid"]
[Source "lmi"]
[SourceDate "2024.12.26"]
[SourceVersion "1"]
[SourceVersionDate "2025.01.11"]
[SourceQuality "1"]

1. d4 Nf6 2. Bg5 d5 3. e3 c5 4. Bxf6 gxf6 5. dxc5 Qa5+ 6. Nc3 e6 7. Qd4 Qxc5 8. Qxf6 Rg8 9. Nge2 Nc6 10. Qh4 h6 11. Nd4 a6 12. O-O-O Bd7 13. f4 Bg7 14. f5 e5 15. Nb3 Qxe3+ 16. Rd2 Ne7 17. Qxe7+ 1-0

[Event "13. Festival Ciudad de Lorca 2024 - A"]
[White "Borre Meza, Orlando David"]
[Black "Luch, Michal"]
[Site "Lorca ESP"]
[Round "3.11"]
[Result "1-0"]
[Date "2024.12.27"]
[WhiteElo "1875"]
[BlackElo "2329"]
[PlyCount "122"]
[GameId "2129346871882198"]
[EventDate "2024.12.26"]
[EventCountry "ESP"]
[SourceTitle "Ajedrez en Madrid"]
[Source "lmi"]
[SourceDate "2024.12.26"]
[SourceVersion "1"]
[SourceVersionDate "2025.01.11"]
[SourceQuality "1"]

1. d4 Nf6 2. c4 e6 3. Nc3 Bb4 4. Qc2 O-O 5. e4 d6 6. Nf3 e5 7. d5 a5 8. Bd3 Nh5 9. Bg5 f6 10. Bd2 Na6 11. h3 Nf4 12. Bxf4 exf4 13. O-O-O Bxc3 14. Qxc3 Nc5 15. Bc2 Qe8 16. Rhe1 b5 17. cxb5 Qxb5 18. Nd4 Qb6 19. g3 fxg3 20. Qxg3 Rb8 21. Qc3 Bd7 22. Rg1 Qb4 23. Rg3 Qxc3 24. bxc3 a4 25. Rdg1 Rf7 26. a3 Re8 27. f3 Kf8 28. Kd2 Rb8 29. Rb1 Rxb1 30. Bxb1 Re7 31. Bd3 Re5 32. c4 Rh5 33. Bf1 Rh4 34. Kc2 g6 35. Nb5 Bxb5 36. cxb5 Rf4 37. Bd3 Kf7 38. Kd2 g5 39. Bc2 h6 40. Ke3 f5 41. exf5 Rc4 42. Kd2 Kf6 43. Rg4 Rf4 44. Rxf4 gxf4 45. Kc3 Ke5 46. Kc4 Nd7 47. Bxa4 Nb6+ 48. Kb4 Nxd5+ 49. Kc4 Ne3+ 50. Kb4 Nxf5 51. Bd1 Ne7 52. a4 Nd5+ 53. Ka5 Kd4 54. Ka6 Kc5 55. Kb7 Kb4 56. Kc6 Kc4 57. Be2+ Kd4 58. a5 Nb4+ 59. Kxc7 Kc5 60. a6 Nd5+ 61. Kb7 Nb6 1-0

[Event "13. Festival Ciudad de Lorca 2024 - A"]
[White "Sabuk, Piotr"]
[Black "Lazars, Krisjanis"]
[Site "Lorca ESP"]
[Round "3.12"]
[Result "1-0"]
[Date "2024.12.27"]
[WhiteElo "2385"]
[BlackElo "1858"]
[PlyCount "93"]
[GameId "2132923589325128"]
[EventDate "2024.12.26"]
[EventCountry "ESP"]
[SourceTitle "Ajedrez en Madrid"]
[Source "lmi"]
[SourceDate "2024.12.26"]
[SourceVersion "1"]
[SourceVersionDate "2025.01.11"]
[SourceQuality "1"]

1. d4 Nf6 2. c4 e6 3. Nf3 b6 4. a3 Bb7 5. Bf4 Be7 6. Nc3 O-O 7. d5 d6 8. e4 e5 9. Be3 Nbd7 10. Be2 Re8 11. Nd2 Nf8 12. h4 Bc8 13. g3 Bd7 14. f3 h5 15. b4 a5 16. Kf2 axb4 17. axb4 Rxa1 18. Qxa1 Qa8 19. Rb1 N6h7 20. Qb2 Rb8 21. Ra1 Qb7 22. Qa3 f5 23. exf5 Bxf5 24. Qa6 Nd7 25. Qxb7 Rxb7 26. Bd1 Nhf6 27. Ra8+ Kf7 28. Ba4 Kg6 29. Bg5 Rb8 30. Ra7 Rc8 31. Bc6 Kh7 32. Nb5 e4 33. fxe4 Bg4 34. Rxc7 Rf8 35. Kg2 Bd8 36. Ra7 Ne5 37. Nxd6 b5 38. c5 Nc4 39. Rf7 Rg8 40. N2xc4 bxc4 41. e5 c3 42. exf6 c2 43. Bb5 Bxf6 44. Bd3+ Kh8 45. Rxf6 gxf6 46. Bxf6+ Rg7 47. Bxc2 1-0

[Event "13. Festival Ciudad de Lorca 2024 - A"]
[White "Piedra Salabarria, Ernesto"]
[Black "Adarsh, D."]
[Site "Lorca ESP"]
[Round "3.13"]
[Result "1/2-1/2"]
[Date "2024.12.27"]
[WhiteElo "2272"]
[BlackElo "1987"]
[PlyCount "101"]
[GameId "2132923589325129"]
[EventDate "2024.12.26"]
[EventCountry "ESP"]
[SourceTitle "Ajedrez en Madrid"]
[Source "lmi"]
[SourceDate "2024.12.26"]
[SourceVersion "1"]
[SourceVersionDate "2025.01.11"]
[SourceQuality "1"]

1. d4 Nf6 2. Nf3 c6 3. c4 d5 4. Nc3 g6 5. Bf4 Bg7 6. e3 O-O 7. h3 Ne4 8. Bd3 Nxc3 9. bxc3 Nd7 10. O-O Re8 11. cxd5 cxd5 12. Bh2 e5 13. Bb5 e4 14. Nd2 a6 15. Be2 Bf8 16. c4 dxc4 17. Nxc4 b5 18. Nd6 Re6 19. Nxc8 Rxc8 20. a4 b4 21. d5 Rf6 22. Qd4 Nc5 23. Qxb4 Qxd5 24. Rfd1 Nd3 25. Qe1 Qb3 26. Bxd3 exd3 27. Rab1 Qxa4 28. Rxd3 Rfc6 29. Rbd1 Be7 30. Bg3 Bf6 31. Kh2 h5 32. f3 Qa2 33. e4 Rc2 34. R3d2 Rxd2 35. Rxd2 Rc2 36. Rxc2 Qxc2 37. e5 Be7 38. h4 Qc4 39. f4 Qe6 40. Bf2 Kh7 41. g3 Qa2 42. Kh3 a5 43. Bd4 Qd5 44. Ba1 a4 45. Kh2 Qf3 46. Qd2 Qc6 47. Qd4 Qc2+ 48. Kh3 Qf5+ 49. Kg2 Qc2+ 50. Kh3 Qc8+ 51. Kh2 1/2-1/2

[Event "13. Festival Ciudad de Lorca 2024 - A"]
[White "Valdats, Reinis"]
[Black "Bartakke, Aditya"]
[Site "Lorca ESP"]
[Round "3.14"]
[Result "1-0"]
[Date "2024.12.27"]
[WhiteElo "2176"]
[BlackElo "1957"]
[PlyCount "69"]
[GameId "2132923589329226"]
[EventDate "2024.12.26"]
[EventCountry "ESP"]
[SourceTitle "Ajedrez en Madrid"]
[Source "lmi"]
[SourceDate "2024.12.26"]
[SourceVersion "1"]
[SourceVersionDate "2025.01.11"]
[SourceQuality "1"]

1. e4 c5 2. Nf3 d6 3. d4 cxd4 4. Nxd4 Nf6 5. Nc3 Nc6 6. Bg5 e6 7. Qd2 a6 8. O-O-O Bd7 9. h4 Be7 10. Nxc6 Bxc6 11. f3 O-O 12. g4 b5 13. Kb1 b4 14. Ne2 a5 15. Nd4 Qc7 16. h5 h6 17. Be3 Rfc8 18. Bd3 a4 19. g5 hxg5 20. Bxg5 b3 21. cxb3 axb3 22. a3 Qa5 23. Qg2 Qe5 24. Nxc6 Rxc6 25. f4 Qc5 26. e5 Nd5 27. Bxe7 Nxf4 28. Bxd6 Nxg2 29. Bxc5 Rxc5 30. Be4 Rac8 31. Bxg2 Rxe5 32. Rd3 Rb5 33. Bf3 Kh7 34. Bd1 f5 35. Rd7 1-0

[Event "13. Festival Ciudad de Lorca 2024 - A"]
[White "Picazo Gonzalez, Alejandro"]
[Black "Paikens, Reinis"]
[Site "Lorca ESP"]
[Round "3.15"]
[Result "1/2-1/2"]
[Date "2024.12.27"]
[WhiteElo "1956"]
[BlackElo "2166"]
[PlyCount "82"]
[GameId "2132923589329227"]
[EventDate "2024.12.26"]
[EventCountry "ESP"]
[SourceTitle "Ajedrez en Madrid"]
[Source "lmi"]
[SourceDate "2024.12.26"]
[SourceVersion "1"]
[SourceVersionDate "2025.01.11"]
[SourceQuality "1"]

1. e4 c5 2. c3 Nf6 3. e5 Nd5 4. d4 cxd4 5. cxd4 d6 6. Nf3 Nc6 7. Bc4 Nb6 8. Bb5 e6 9. O-O Bd7 10. Nc3 dxe5 11. Bxc6 Bxc6 12. Nxe5 Qc7 13. Bf4 Bd6 14. Rc1 a6 15. Bg3 Nd7 16. Nxc6 Bxg3 17. hxg3 bxc6 18. d5 O-O 19. dxe6 fxe6 20. Ne4 c5 21. Qd6 Qxd6 22. Nxd6 Rfb8 23. b3 a5 24. Ne4 a4 25. Rfd1 Ra7 26. bxa4 Rb4 27. Nxc5 Nxc5 28. Rxc5 Rbxa4 29. Rd2 Rxa2 30. Rxa2 Rxa2 31. Rc7 Ra1+ 32. Kh2 Rf1 33. f3 h6 34. g4 Kh7 35. Re7 Re1 36. Kg3 Kg6 37. Kf2 Re5 38. f4 Re4 39. Kf3 Re1 40. Kf2 Re4 41. Kf3 Re1 1/2-1/2

[Event "13. Festival Ciudad de Lorca 2024 - A"]
[White "Troidl, Thomas"]
[Black "Valdepenas Octavio, Javier"]
[Site "Lorca ESP"]
[Round "3.16"]
[Result "0-1"]
[Date "2024.12.27"]
[WhiteElo "1945"]
[BlackElo "2145"]
[PlyCount "92"]
[GameId "2132923589329228"]
[EventDate "2024.12.26"]
[EventCountry "ESP"]
[SourceTitle "Ajedrez en Madrid"]
[Source "lmi"]
[SourceDate "2024.12.26"]
[SourceVersion "1"]
[SourceVersionDate "2025.01.11"]
[SourceQuality "1"]

1. e4 c5 2. Nf3 d6 3. d4 cxd4 4. Nxd4 Nf6 5. Nc3 Nc6 6. Nb3 g6 7. Be2 Bg7 8. Be3 O-O 9. O-O a6 10. f4 Bd7 11. Bf3 Rc8 12. g4 Be6 13. Nd5 Bxd5 14. exd5 Na5 15. Bd4 Nd7 16. Bxg7 Kxg7 17. Qd4+ Kg8 18. Nxa5 Qxa5 19. c4 b5 20. cxb5 axb5 21. Qe4 Rfe8 22. Be2 Nf6 23. Qd4 b4 24. Bf3 Rc5 25. Rfd1 Rec8 26. g5 Ne8 27. a3 b3 28. Qe3 Rc2 29. Rab1 Ng7 30. Bg4 Nf5 31. Bxf5 gxf5 32. Rd3 R8c4 33. Rbd1 Re4 34. Qh3 Qc5+ 35. Kh1 Qf2 36. Qg3 Qxg3 37. hxg3 Rxb2 38. R3d2 Re2 39. Rd3 Rh2+ 40. Kg1 Rbg2+ 41. Kf1 Ra2 42. Kg1 Rag2+ 43. Kf1 Rc2 44. Kg1 b2 45. Rb3 Rhg2+ 46. Kh1 Rgd2 0-1

[Event "13. Festival Ciudad de Lorca 2024 - A"]
[White "Velasco Garcia, Jorge Juan"]
[Black "Fernandez Bustamante, Leancy B."]
[Site "Lorca ESP"]
[Round "3.17"]
[Result "0-1"]
[Date "2024.12.27"]
[WhiteElo "1938"]
[BlackElo "2129"]
[PlyCount "58"]
[GameId "2132923589329229"]
[EventDate "2024.12.26"]
[EventCountry "ESP"]
[SourceTitle "Ajedrez en Madrid"]
[Source "lmi"]
[SourceDate "2024.12.26"]
[SourceVersion "1"]
[SourceVersionDate "2025.01.11"]
[SourceQuality "1"]

1. c4 e5 2. Nc3 Nf6 3. g3 Bc5 4. Bg2 Nc6 5. d3 d6 6. Nf3 h6 7. O-O O-O 8. Na4 Re8 9. Nxc5 dxc5 10. Nd2 Nd4 11. Nb3 Qe7 12. e3 Nc6 13. Bxc6 bxc6 14. e4 Bh3 15. Re1 Rad8 16. Qe2 Qd6 17. Rd1 Nd7 18. Be3 f5 19. f3 f4 20. Bf2 Rf8 21. g4 h5 22. gxh5 Qe7 23. Kh1 Kf7 24. Rg1 Rh8 25. Rg6 Rxh5 26. Rag1 Rh7 27. Rxc6 Rdh8 28. Rxc7 Bf1 29. Bh4 Bxe2 0-1

[Event "13. Festival Ciudad de Lorca 2024 - A"]
[White "Maklakova, Nellija"]
[Black "Hanache, Kai"]
[Site "Lorca ESP"]
[Round "3.18"]
[Result "0-1"]
[Date "2024.12.27"]
[WhiteElo "1885"]
[BlackElo "2080"]
[PlyCount "62"]
[GameId "2132923589329230"]
[EventDate "2024.12.26"]
[EventCountry "ESP"]
[SourceTitle "Ajedrez en Madrid"]
[Source "lmi"]
[SourceDate "2024.12.26"]
[SourceVersion "1"]
[SourceVersionDate "2025.01.11"]
[SourceQuality "1"]

1. Nf3 Nf6 2. d4 g6 3. e3 Bg7 4. Bd3 d5 5. b3 c5 6. Bb2 cxd4 7. exd4 O-O 8. O-O Nc6 9. c3 b6 10. Nbd2 Bb7 11. Ne5 Nxe5 12. dxe5 Nd7 13. f4 f6 14. exf6 Bxf6 15. Qg4 Nc5 16. Bxg6 hxg6 17. Qxg6+ Bg7 18. c4 d4 19. b4 Na4 20. Ba3 Qd6 21. Qg4 a5 22. c5 Qf6 23. cxb6 axb4 24. Bxb4 Nxb6 25. Rae1 Nd5 26. Ne4 Qf5 27. Qxf5 Rxf5 28. a3 d3 29. Nc5 Bd4+ 30. Kh1 Bxc5 31. Bxc5 Nxf4 0-1

[Event "13. Festival Ciudad de Lorca 2024 - A"]
[White "Cano Mateos, Pablo"]
[Black "Medhvansh, Madeti"]
[Site "Lorca ESP"]
[Round "3.19"]
[Result "1-0"]
[Date "2024.12.27"]
[WhiteElo "2067"]
[BlackElo "1879"]
[PlyCount "133"]
[GameId "2132923589329231"]
[EventDate "2024.12.26"]
[EventCountry "ESP"]
[SourceTitle "Ajedrez en Madrid"]
[Source "lmi"]
[SourceDate "2024.12.26"]
[SourceVersion "1"]
[SourceVersionDate "2025.01.11"]
[SourceQuality "1"]

1. e4 e5 2. Nf3 Nc6 3. Bc4 Bc5 4. c3 Nf6 5. d4 exd4 6. b4 Be7 7. e5 Ne4 8. b5 Na5 9. Bd3 Nxc3 10. Nxc3 dxc3 11. O-O d5 12. exd6 Qxd6 13. Qc2 Be6 14. Be3 Nc4 15. Bxc4 Bxc4 16. Rad1 Qg6 17. Qxc3 Bxb5 18. Bc5 Bxc5 19. Qxc5 Bc6 20. Rd4 f5 21. Re1+ Be4 22. Nh4 Qb6 23. Qxf5 Qxd4 24. Rxe4+ Qxe4 25. Qxe4+ Kd7 26. Qd5+ Kc8 27. h3 a5 28. Qe5 b6 29. Qd5 Kb8 30. Qc6 Rf8 31. Nf3 Rf6 32. Qe8+ Kb7 33. Qe4+ Ka7 34. Qxh7 Rd8 35. Qxg7 Rc6 36. h4 Rd1+ 37. Kh2 Rc5 38. Ng5 Rc4 39. Kg3 Rdd4 40. Nf3 Rd5 41. Kh2 b5 42. Qf7 Rdc5 43. Ng5 Rd4 44. Ne6 Rxh4+ 45. Kg3 Rcc4 46. Nxc7 Kb6 47. Nd5+ Kc5 48. Ne3 Rce4 49. Qf8+ Kc6 50. Qa8+ Kb6 51. Qd8+ Ka6 52. Qf6+ Kb7 53. Qxh4 Rxh4 54. Kxh4 b4 55. Nc2 Kc6 56. g4 Kd5 57. g5 Ke6 58. Kh5 Kf7 59. Kh6 Kg8 60. g6 Kh8 61. f4 Kg8 62. g7 b3 63. axb3 a4 64. bxa4 Kf7 65. Kh7 Kf6 66. g8=Q Ke7 67. Qg6 1-0

[Event "13. Festival Ciudad de Lorca 2024 - A"]
[White "Kong, Lingzhijie"]
[Black "Collado Alcolado, Angel"]
[Site "Lorca ESP"]
[Round "3.20"]
[Result "0-1"]
[Date "2024.12.27"]
[WhiteElo "1816"]
[BlackElo "2061"]
[PlyCount "68"]
[GameId "2132923589333328"]
[EventDate "2024.12.26"]
[EventCountry "ESP"]
[SourceTitle "Ajedrez en Madrid"]
[Source "lmi"]
[SourceDate "2024.12.26"]
[SourceVersion "1"]
[SourceVersionDate "2025.01.11"]
[SourceQuality "1"]

1. d4 Nf6 2. Nc3 d5 3. Bf4 e6 4. e3 Bb4 5. Bd3 c5 6. dxc5 Nbd7 7. Nge2 a6 8. a3 Bxc5 9. b4 Be7 10. e4 e5 11. Bg3 d4 12. Nb1 a5 13. b5 Nh5 14. Nd2 Nxg3 15. Nxg3 Nc5 16. Nc4 f6 17. O-O Be6 18. Qd2 Na4 19. f4 Qc7 20. b6 Qc5 21. fxe5 Bxc4 22. exf6 gxf6 23. Rf5 Qc6 24. Bxc4 Qxc4 25. Nh5 Qc3 26. Qd1 Rg8 27. Nxf6+ Bxf6 28. Rxf6 Ke7 29. Qh5 Rxg2+ 30. Kxg2 Rg8+ 31. Kf1 Qxa1+ 32. Kf2 {[%csl Bg1,Ba1]} Qg1+ 33. Ke2 Qe3+ 34. Kd1 Nb2# 0-1

[Event "13. Festival Ciudad de Lorca 2024 - A"]
[White "Beneyto De Ramon, Guillermo"]
[Black "Atharva, Kale"]
[Site "Lorca ESP"]
[Round "3.21"]
[Result "0-1"]
[Date "2024.12.27"]
[WhiteElo "2034"]
[BlackElo "1866"]
[PlyCount "80"]
[GameId "2132923589333329"]
[EventDate "2024.12.26"]
[EventCountry "ESP"]
[SourceTitle "Ajedrez en Madrid"]
[Source "lmi"]
[SourceDate "2024.12.26"]
[SourceVersion "1"]
[SourceVersionDate "2025.01.11"]
[SourceQuality "1"]

1. d4 d5 2. c4 e6 3. Nc3 Nf6 4. Bg5 Be7 5. Nf3 O-O 6. e3 h6 7. Bxf6 Bxf6 8. Qc2 c6 9. Rd1 Nd7 10. Bd3 Qe7 11. O-O Rd8 12. e4 dxc4 13. Bxc4 e5 14. d5 Nb6 15. Bb3 Bg4 16. Rd3 Rac8 17. dxc6 Rxd3 18. Qxd3 bxc6 19. Rd1 Qb4 20. h3 Bh5 21. Rd2 Rd8 22. Qxd8+ Bxd8 23. Rxd8+ Kh7 24. Nxe5 Qe7 25. Nxc6 Qg5 26. g4 Bg6 27. Rd1 h5 28. f3 Qf4 29. Kg2 h4 30. Ne2 Qe3 31. Ned4 Nd7 32. Nb4 Bxe4 33. fxe4 Qg3+ 34. Kf1 Qxh3+ 35. Kf2 Qg3+ 36. Ke2 Qg2+ 37. Ke3 Nf6 38. Bc2 Nxg4+ 39. Kf4 Qg3+ 40. Kf5 Nh6# 0-1

[Event "13. Festival Ciudad de Lorca 2024 - A"]
[White "Maklakova, Naomi"]
[Black "Perez Fernandez, Arys"]
[Site "Lorca ESP"]
[Round "3.22"]
[Result "1-0"]
[Date "2024.12.27"]
[WhiteElo "2003"]
[BlackElo "1574"]
[PlyCount "97"]
[GameId "2132923589333330"]
[EventDate "2024.12.26"]
[EventCountry "ESP"]
[SourceTitle "Ajedrez en Madrid"]
[Source "lmi"]
[SourceDate "2024.12.26"]
[SourceVersion "1"]
[SourceVersionDate "2025.01.11"]
[SourceQuality "1"]

1. d4 Nf6 2. Nf3 e6 3. e3 d5 4. Bd3 c5 5. b3 b6 6. Bb2 Bb7 7. O-O Be7 8. Nbd2 O-O 9. Ne5 Nbd7 10. f4 cxd4 11. exd4 Nxe5 12. dxe5 Nd7 13. f5 Bc5+ 14. Kh1 exf5 15. Bxf5 d4 16. b4 Bxb4 17. Bxd4 Nxe5 18. Bxe5 Qxd2 19. Qg4 g6 20. Rad1 Bxg2+ 21. Qxg2 Qxg2+ 22. Kxg2 gxf5 23. Rxf5 Be7 24. Rd7 Bd8 25. Bd6 Re8 26. Rfxf7 Be7 27. Rfxe7 Rxe7 28. Bxe7 Rc8 29. Rd8+ Rxd8 30. Bxd8 Kf7 31. Kf3 Kg6 32. c4 a6 33. Bxb6 Kf5 34. c5 Ke6 35. Ke4 h5 36. h4 Kd7 37. Kf5 Kc6 38. Kg5 a5 39. Kxh5 a4 40. Kg6 Kb5 41. h5 a3 42. h6 Kc4 43. h7 Kc3 44. h8=Q+ Kc2 45. c6 Kb1 46. Qh2 Ka1 47. c7 Kb1 48. c8=R Ka1 49. Rc1# 1-0

[Event "13. Festival Ciudad de Lorca 2024 - A"]
[White "Strekalovs, Ernests"]
[Black "Navarro Cabrera, Carlos"]
[Site "Lorca ESP"]
[Round "3.23"]
[Result "0-1"]
[Date "2024.12.27"]
[WhiteElo "1639"]
[BlackElo "2003"]
[PlyCount "66"]
[GameId "2132923589333331"]
[EventDate "2024.12.26"]
[EventCountry "ESP"]
[SourceTitle "Ajedrez en Madrid"]
[Source "lmi"]
[SourceDate "2024.12.26"]
[SourceVersion "1"]
[SourceVersionDate "2025.01.11"]
[SourceQuality "1"]

1. Nf3 Nf6 2. g3 b6 3. Bg2 Bb7 4. d3 d5 5. Nbd2 g6 6. O-O Bg7 7. d4 O-O 8. c3 c5 9. e3 Nbd7 10. b3 Qc7 11. Bb2 Rfd8 12. c4 dxc4 13. bxc4 Ne4 14. Qc2 Nxd2 15. Nxd2 Bxg2 16. Kxg2 cxd4 17. exd4 Rac8 18. d5 Bxb2 19. Qxb2 Nc5 20. Qd4 Rd6 21. Qe3 Qb7 22. Nf3 e6 23. Qh6 exd5 24. cxd5 Rxd5 25. Rad1 Rcd8 26. Rxd5 Qxd5 27. Re1 Ne6 28. Qe3 Qxa2 29. Re2 Qd5 30. Rd2 Qa8 31. Rxd8+ Qxd8 32. Qd2 Qa8 33. Qc3 Ng5 0-1

[Event "13. Festival Ciudad de Lorca 2024 - A"]
[White "Lasheras Martinez, Juan Thomas"]
[Black "Mitul, K H"]
[Site "Lorca ESP"]
[Round "3.24"]
[Result "0-1"]
[Date "2024.12.27"]
[WhiteElo "2128"]
[BlackElo "1834"]
[PlyCount "92"]
[GameId "2132923589333332"]
[EventDate "2024.12.26"]
[EventCountry "ESP"]
[SourceTitle "Ajedrez en Madrid"]
[Source "lmi"]
[SourceDate "2024.12.26"]
[SourceVersion "1"]
[SourceVersionDate "2025.01.11"]
[SourceQuality "1"]

1. d4 d5 2. Nf3 Nf6 3. c4 e6 4. g3 dxc4 5. Bg2 Bb4+ 6. Bd2 c5 7. O-O O-O 8. Bxb4 cxb4 9. Qc2 a5 10. Nbd2 b5 11. a4 bxa3 12. bxa3 Nc6 13. a4 Nb4 14. Qc1 Bd7 15. Ne5 Rc8 16. e4 c3 17. Nb3 bxa4 18. Nc5 Bb5 19. Qxc3 Bxf1 20. Kxf1 Na6 21. Rc1 Qb6 22. Kg1 Qb4 23. Qe3 Nxc5 24. dxc5 Rfd8 25. Bf3 Qd4 26. Qxd4 Rxd4 27. c6 a3 28. Ra1 Nxe4 29. Rxa3 f6 30. Nd3 Rxc6 31. Rxa5 Rxd3 32. Ra8+ Kf7 33. Bxe4 Rd1+ 34. Kg2 Rcd6 35. g4 Rd8 36. Ra7+ R1d7 37. Ra3 g6 38. h4 Kg7 39. Ra6 Rd6 40. Ra7+ R8d7 41. Ra8 Rd4 42. f3 f5 43. Bc6 Rc7 44. Ba4 fxg4 45. fxg4 Rxg4+ 46. Kh3 Rb4 0-1

[Event "13. Festival Ciudad de Lorca 2024 - A"]
[White "Bryant, Harry"]
[Black "Escudero Ribo, Eloi"]
[Site "Lorca ESP"]
[Round "3.25"]
[Result "1-0"]
[Date "2024.12.27"]
[WhiteElo "1971"]
[BlackElo "1903"]
[PlyCount "73"]
[GameId "2132923589333333"]
[EventDate "2024.12.26"]
[EventCountry "ESP"]
[SourceTitle "Ajedrez en Madrid"]
[Source "lmi"]
[SourceDate "2024.12.26"]
[SourceVersion "1"]
[SourceVersionDate "2025.01.11"]
[SourceQuality "1"]

1. Nf3 Nf6 2. c4 g6 3. Nc3 Bg7 4. e4 e5 5. Nxe5 O-O 6. Nf3 Re8 7. d3 d5 8. cxd5 Nxd5 9. Bd2 Na6 10. Be2 Ndb4 11. Be3 Bg4 12. a3 Bxf3 13. gxf3 Nc6 14. h4 h5 15. f4 Nd4 16. Bxd4 Qxd4 17. Qa4 Qb6 18. Qc2 Bd4 19. Rh2 Rad8 20. Rg2 Kh7 21. O-O-O Bxf2 22. Nd5 Qd4 23. Qc3 Rxd5 24. Qxd4 Rxd4 25. Rxf2 c5 26. f5 Re7 27. Rdf1 Rdd7 28. Rg1 Nc7 29. Rfg2 Rd6 30. Rg5 b6 31. e5 Rd4 32. fxg6+ fxg6 33. Bxh5 Rxh4 34. Bxg6+ Kh6 35. Be4 Rh2 36. Rg6+ Kh5 37. Bf3+ 1-0